SECURITIES MARKETS FOUNDATION (Record no. 28902)
[ view plain ]
| 000 -LEADER | |
|---|---|
| fixed length control field | 00349nam a2200133Ia 4500 |
| 008 - FIXED-LENGTH DATA ELEMENTS--GENERAL INFORMATION | |
| fixed length control field | 240624s9999 xx 000 0 und d |
| 041 ## - LANGUAGE CODE | |
| Language code of text/sound track or separate title | eng |
| 082 ## - DEWEY DECIMAL CLASSIFICATION NUMBER | |
| Classification number | 332.632 NIS |
| 100 ## - MAIN ENTRY--PERSONAL NAME | |
| Personal name | NATIONAL INSTITUTE OF SECURITIES MARKETS |
| 245 ## - TITLE STATEMENT | |
| Title | SECURITIES MARKETS FOUNDATION |
| 260 ## - PUBLICATION, DISTRIBUTION, ETC. | |
| Date of publication, distribution, etc. | 2017 |
| Place of publication, distribution, etc. | New Delhi |
| Name of publisher, distributor, etc. | Taxmann |
| 300 ## - PHYSICAL DESCRIPTION | |
| Extent | 228 , p. |
| 365 ## - TRADE PRICE | |
| Currency code | RS |
| Price amount | 30 |
| Withdrawn status | Lost status | Damaged status | Not for loan | Home library | Current library | Shelving location | Date acquired | Cost, normal purchase price | Total Checkouts | Full call number | Barcode | Date last seen | Date last checked out | Copy number | Price effective from | Koha item type |
|---|---|---|---|---|---|---|---|---|---|---|---|---|---|---|---|---|
| IMTN | IMTN | Rack 11-A | 07/12/2017 | 250.00 | 3 | 332.632 NIS | 28902 | 07/15/2025 | 07/08/2025 | 1 | 06/24/2024 | Books |